000 00306 a2200145 4500
001 58759
020 _a8576663414
040 _cAnchieta - Pituba
100 _aMarino, Denise Mattos
240 1 0 _aHistória
_lpor
245 1 0 _aHistória
300 _a152/56
650 4 _aHistória do mundo
942 _cBK
999 _c58759
_d58759